Central Library OPAC University of Rajshahi

Cultural policy in the Republic of Korea / (Record no. 34989)

MARC details
000 -LEADER
fixed length control field 00897nam a2200289 i 4500
001 - CONTROL NUMBER
control field 34989
003 - CONTROL NUMBER IDENTIFIER
rucl marc code BD-RjUL
005 - DATE AND TIME OF LATEST TRANSACTION
control field 20211209052237.0
008 - FIXED-LENGTH DATA ELEMENTS--GENERAL INFORMATION
fixed length control field 140520s1976 fr af b i000 0 eng
020 ## - INTERNATIONAL STANDARD BOOK NUMBER
International Standard Book Number 923101384X
035 ## - SYSTEM CONTROL NUMBER
System control number (BD-RjUL)35083
040 ## - CATALOGING SOURCE
Original cataloging agency DLC
Transcribing agency DLC
Modifying agency DLC
-- BD-RjUL
Language of cataloging eng
041 ## - LANGUAGE CODE
Language code of text/sound track or separate title eng
082 00 - DEWEY DECIMAL CLASSIFICATION NUMBER
Classification number 306.9511
Author mark and year YEC 1976
100 1# - MAIN ENTRY--PERSONAL NAME
Personal name Kim, Yersu,
Dates associated with a name 1936-
9 (RLIN) 106529
245 10 - TITLE STATEMENT
Title Cultural policy in the Republic of Korea /
Statement of responsibility, etc. by Kim Yersu.
260 ## - PUBLICATION, DISTRIBUTION, ETC. (IMPRINT)
Place of publication, distribution, etc. Paris :
Name of publisher, distributor, etc. Unesco,
Date of publication, distribution, etc. 1976.
300 ## - PHYSICAL DESCRIPTION
Pagination 59 p., [2] leaves of plates :
Illustrations ill. ;
Size 25 cm.
504 ## - BIBLIOGRAPHY, ETC. NOTE
Bibliography, etc Includes bibliographical references.
650 #0 - SUBJECT ADDED ENTRY--TOPICAL TERM
Topical term or geographic name as entry element Arts
Geographic subdivision Korea
General subdivision Management.
9 (RLIN) 106531
Topical term or geographic name as entry element Art and state
Geographic subdivision Korea.
9 (RLIN) 106532
651 #0 - SUBJECT ADDED ENTRY--GEOGRAPHIC NAME
Geographic name Korea
General subdivision Intellectual life.
9 (RLIN) 106533
942 ## - ADDED ENTRY ELEMENTS (KOHA)
Source of classification or shelving scheme Dewey Decimal Classification
Koha item type Books
Holdings
Lost status Source of classification or shelving scheme Damaged status Not for loan Collection code Permanent Location Current Location Shelving location Date acquired Source of acquisition Cost, normal purchase price Total Checkouts Full call number Date last seen Copy number Koha item type
  Dewey Decimal Classification   Not For Loan Non-fiction Central Library, University of Rajshahi Central Library, University of Rajshahi Reading Room 30/08/1982 Unesco 0.00   306.9511 YEC 1976 20/05/2014 C-1 Books